|
|
|
|
| LEADER |
01000caa a22002652c 4500 |
| 001 |
098358049 |
| 003 |
DE-627 |
| 005 |
20220423123723.0 |
| 007 |
tu |
| 008 |
061003s2006 xx ||||| 00| ||fre c |
| 035 |
|
|
|a (DE-627)098358049
|
| 035 |
|
|
|a (DE-599)GBV098358049
|
| 040 |
|
|
|a DE-627
|b ger
|c DE-627
|e rakwb
|
| 041 |
|
|
|a fre
|
| 100 |
1 |
|
|a Goullet, Monique
|e verfasserin
|4 aut
|
| 245 |
1 |
4 |
|a Les saints de l'abbaye de Gorze: Gorgonius
|
| 264 |
|
1 |
|c 2006
|
| 336 |
|
|
|a Text
|b txt
|2 rdacontent
|
| 337 |
|
|
|a ohne Hilfsmittel zu benutzen
|b n
|2 rdamedia
|
| 338 |
|
|
|a Band
|b nc
|2 rdacarrier
|
| 500 |
|
|
|a S. 258-267
|
| 700 |
1 |
|
|a Wagner, Anne
|e verfasserin
|4 aut
|
| 773 |
0 |
8 |
|i In
|t Miracles, vies et réécritures dans l'Occident médiéval
|d Ostfildern : Thorbecke, 2006
|g (2006), Seite 258-267
|h 414 S.
|w (DE-627)519200144
|w (DE-576)259840467
|z 3799574603
|z 9783799574600
|7 nnam
|
| 773 |
1 |
8 |
|g year:2006
|g pages:258-267
|
| 856 |
4 |
2 |
|u http://www.perspectivia.net/content/publikationen/bdf/goullet-heinzelmann_miracles/goullet_saints
|x Verlag
|y Volltext
|7 1
|
| 912 |
|
|
|a GBV_USEFLAG_U
|
| 912 |
|
|
|a GBV_ILN_21
|
| 912 |
|
|
|a ISIL_DE-46
|
| 912 |
|
|
|a SYSFLAG_1
|
| 912 |
|
|
|a GBV_KXP
|
| 912 |
|
|
|a GBV_ILN_11
|
| 912 |
|
|
|a GBV_ILN_22
|
| 912 |
|
|
|a GBV_ILN_24
|
| 912 |
|
|
|a GBV_ILN_31
|
| 912 |
|
|
|a GBV_ILN_40
|
| 912 |
|
|
|a GBV_ILN_50
|
| 912 |
|
|
|a GBV_ILN_69
|
| 912 |
|
|
|a GBV_ILN_72
|
| 912 |
|
|
|a GBV_ILN_350
|
| 912 |
|
|
|a GBV_ILN_813
|
| 912 |
|
|
|a GBV_ILN_2002
|
| 912 |
|
|
|a GBV_ILN_2003
|
| 912 |
|
|
|a GBV_ILN_2004
|
| 912 |
|
|
|a GBV_ILN_2005
|
| 912 |
|
|
|a GBV_ILN_2006
|
| 912 |
|
|
|a GBV_ILN_2007
|
| 912 |
|
|
|a GBV_ILN_2008
|
| 912 |
|
|
|a GBV_ILN_2011
|
| 912 |
|
|
|a GBV_ILN_2012
|
| 912 |
|
|
|a GBV_ILN_2018
|
| 912 |
|
|
|a GBV_ILN_2056
|
| 912 |
|
|
|a GBV_ILN_22
|
| 912 |
|
|
|a ISIL_DE-18
|
| 912 |
|
|
|a GBV_ILN_22_i30908
|
| 912 |
|
|
|a GBV_ILN_350
|
| 912 |
|
|
|a ISIL_DE-2795
|
| 912 |
|
|
|a GBV_ILN_350_h
|
| 951 |
|
|
|a AR
|
| 952 |
|
|
|j 2006
|h 258-267
|
| 980 |
|
|
|2 21
|1 01
|x 0046
|b 1349965723
|y xza
|z 07-01-13
|
| 980 |
|
|
|2 22
|1 01
|x 0018
|b 1514833735
|y xi30908
|z 17-12-14
|
| 980 |
|
|
|2 350
|1 01
|x 8293
|b 097576425
|c 00
|f DHIP
|d --%%--
|e i
|j --%%--
|y nh
|z 28-12-06
|